European Countries that invaded Poland - Statistics

General Stats
  • This quiz has been taken 256 times
    71 since last reset
  • The average score is 11 of 14
Answer Stats
Invader % Correct
Germany
100%
Russia
100%
Austria
93%
United Kingdom
92%
France
90%
Sweden
89%
Lithuania
87%
Hungary
85%
Italy
84%
Ukraine
82%
Slovakia
69%
Turkey
66%
Czechia
64%
Moldova
30%
No matching quizzes found
Score Distribution
Percent of People with Each Score
Percentile by Number Answered
Your Score History
You have not taken this quiz since the last reset